Hangman's house /

Saved in:
Bibliographic Details
Main Author: Byrne, Donn, 1889-1928
Format: Book
Language:English
Published: London : Sampson Low, Marston, 1926.
LEADER 00704nam a2200193 i 4500
001 c000009574
003 CARM
005 00000000000000.0
008 830301s1926 k 00001 eng d
019 1 |a 2518840  |z 45076720  |5 LACONCORD2021 
035 |a (OCoLC)37130368  |5 LACONCORD2021 
100 1 |a Byrne, Donn,  |d 1889-1928. 
245 1 0 |a Hangman's house /  |c by Donn Byrne. 
260 |a London :  |b Sampson Low, Marston,  |c 1926. 
300 |a x,406p. ;  |c 19cm. 
852 8 |b CARM  |h A2:AO13A0  |i A01216  |p 0112566  |f BK 
082 0 |a 823.912 
999 f f |i 9d8fc0ca-a4ea-5ffb-bce1-abf6d3f2c57b  |s 1e7ad266-d797-5051-9b6f-4931194800c8 
952 f f |p Can circulate  |a CAVAL  |b CAVAL  |c CAVAL  |d CARM 1 Store  |e A01216  |f A2:AO13A0  |h Other scheme  |i book  |m 0112566